| 000 | 00672nam a22001937a 4500 | ||
|---|---|---|---|
| 005 | 20251108164956.0 | ||
| 008 | 250721s1988 xx 000 0 ara d | ||
| 082 | 1 | 4 | _a658.3/جرا |
| 100 | 1 | _aجراي، جيري ل | |
| 245 | 1 | 0 |
_aالإشراف : _bمدخل علم السلوك التطبيقي لإدارة الناس / |
| 264 | 1 |
_aالرياض : _bمعهد الأدارة العامة - أدارة البحوث، _c1988. |
|
| 300 | _a683ص | ||
| 650 | 1 | 7 | _aإدارة الأفراد |
| 650 | 1 | 7 | _aالإدارة |
| 650 | 1 | 7 | _aتقنيات الإدارة |
| 700 | 1 |
_aهوانة، وليد عبد اللطيف _eترجمة |
|
| 942 |
_2ddc _cBK |
||
| 999 |
_c18845 _d18845 |
||